General Knowledge: Jeopardy Style III Quiz Stats

Quiz Updated Feb 8, 2016

Challenge
Share
Tweet
Embed
Score 0/25 Timer 06:00
1 Play Today
% Correct
Pearl Harbor
98.9%
Harry Potter
96%
The Alamo
93.9%
Ford's Theatre
93.6%
Uranus
92.3%
'N Sync
91.8%
CĂ©line Dion
91.5%
Jamestown
91.4%
Pluto
91.2%
Gloria Gaynor
91%
Earth, Wind & Fire
90%
Mars
88.7%
St. Augustine
87.6%
% Correct
New England Patriots
86.8%
Rodion Raskolnikov
86.1%
Mrs. Dalloway
84.1%
Anne Shirley
81%
Rick Astley
80.7%
San Francisco 49ers
73.6%
Baltimore Ravens
72.4%
Seattle Seahawks
71.1%
Ganymede
69.6%
Titan
66.5%
Miami Dolphins
63%
Ford Prefect
58.9%

You're not logged in!

Compare scores with friends on all Sporcle quizzes.
Sign Up with Email
OR
Log In

You Might Also Like...

Show Comments

Extras

Top Quizzes Today


Score Distribution

Your Account Isn't Verified!

In order to create a playlist on Sporcle, you need to verify the email address you used during registration. Go to your Sporcle Settings to finish the process.